01890nam a2200481 i 450000100060000000300080000600500170001400600190003100700150005000800410006501700280010602000280013403500220016204000310018405000250021508000120024008200140025210000420026624501060030826400590041430000580047333600310053133700330056233800430059550000390063850000220067750400420069958800830074159001620082465000270098665000350101365000190104865000300106765000390109765000190113665500270115570000490118270000370123170000420126879700180131085600630132899900170139128587FINmELB20241216220055.0m o d | cr cnu||||||||220222s2018 ve a ob 001 0 spa d aCA2018000082bVenezuela a9789802337002q(e-book) a(OCoLC)1304900965 aFINmELBbspaerdacFINmELB 4aB829.5.L8bR118 2018 a130.12104a142.72231 aRacamonde Conde, Minerlines,eautora.10aEpíteto fenoménico :bluz, tiempo y muerte /cMinerlines Racamonde Conde, José Rafael Quintana. 1aValencia, Venezuela :bUniversidad de Carabobo,c2018. a1 recurso en línea (356 páginas) :bilustraciones atextobtxt2rdacontent/spa acomputadorabc2rdamedia/spa arecurso en líneabcr2rdacarrier/spa aIncluye índice de ilustraciones. aIncluye índice. aIncluye referencias bibliográficas. aDescripción basada en metadatos suministrados por el editor y otras fuentes. aRecurso electrónico. Santa Fe, Arg.: elibro, 2022. Disponible vía World Wide Web. El acceso puede estar limitado para las bibliotecas afiliadas a elibro. 0aBioethicsxHeuristics. 0aEducationxEthicsxPhilosophy. 0aPhenomenology. 4aBioéticaxHeurística. 4aEducaciónxÉticaxFilosofía. 4aFemenología. 4aLibros electrónicos.1 aPonte-Rodriguez, Francisco Antonio,eeditor.1 aQuintana, José Rafael,eautor.1 aSarango, Luis Fernando,ecoordinador.2 aelibro, Corp.40uhttps://elibro.net/ereader/politecnicointernacional/176599 c28587d28587